Marketing management and the behavioural environment (Record no. 28886)

MARC details
000 -LEADER
fixed length control field 00299nam a2200109Ia 4500
082 ## - DEWEY DECIMAL CLASSIFICATION NUMBER
Classification number 658.8
Item number BLI
100 ## - MAIN ENTRY--AUTHOR NAME
Personal name Bliss, Perry
245 #0 - TITLE STATEMENT
Title Marketing management and the behavioural environment
260 ## - PUBLICATION, DISTRIBUTION, ETC. (IMPRINT)
Place of publication New Delhi
Name of publisher Prentice Hall
Year of publication 1976
942 ## - ADDED ENTRY ELEMENTS (KOHA)
Koha item type Books
Holdings
Withdrawn status Lost status Damaged status Not for loan Home library Current library Date acquired Cost, normal purchase price Full call number Accession Number Koha item type
        RRII Library RRII Library 16/12/2021 9.50 658.8 BLI 09477 Books